[Event "FIDE World Blitz 2014"]
[Site "Dubai UAE"]
[Date "2014.06.19"]
[Round "1.38"]
[White "Al Qudaimi, Basheer"]
[Black "Zhigalko, Sergei"]
[Result "0-1"]
[WhiteTitle "IM"]
[BlackTitle "GM"]
[WhiteElo "2396"]
[BlackElo "2678"]
[WhiteFideId "9400346"]
[BlackFideId "13502956"]
[EventDate "2014.06.19"]

1. e4 c5 2. Ne2 Nc6 3. g3 g6 4. Bg2 Bg7 5. c3 d6 6. d4 Bg4 7. f3 Bd7 8. Be3 Qb6
9. Qd2 Nf6 10. Na3 cxd4 11. cxd4 d5 12. e5 Ng8 13. O-O h5 14. Nf4 e6 15. Nc2
Nge7 16. Nd3 Nf5 17. Bf2 Rd8 18. Nc5 Bc8 19. b4 O-O 20. f4 Qc7 21. Rac1 b6 22.
Nb3 Ba6 23. Rfe1 Bc4 24. h3 Qe7 25. g4 Nh4 26. Bh1 Rc8 27. Bg3 hxg4 28. hxg4 g5
29. Qf2 Bxb3 30. axb3 Nxb4 31. Nxb4 Qxb4 32. f5 Qxb3 33. f6 Bh6 34. Kh2 Ng6 35.
Qd2 Nf4 36. Bxf4 gxf4 37. Rg1 Bg5 38. Qf2 Rxc1 39. Rxc1 Qg3+ 40. Qxg3 fxg3+ 41.
Kxg3 Bxc1 0-1

[Event "FIDE World Blitz 2014"]
[Site "Dubai UAE"]
[Date "2014.06.19"]
[Round "1.39"]
[White "Lu, Shanglei"]
[Black "Shyam, Sundar M."]
[Result "1-0"]
[WhiteTitle "GM"]
[BlackTitle "GM"]
[WhiteElo "2546"]
[BlackElo "2468"]
[WhiteFideId "8603332"]
[BlackFideId "5019141"]
[EventDate "2014.06.19"]

1. e4 d5 2. exd5 Qxd5 3. Nc3 Qd8 4. d4 Nf6 5. Nf3 a6 6. Bc4 b5 7. Bb3 c5 8. dxc5
Qxd1+ 9. Nxd1 e6 10. a4 b4 11. a5 Bxc5 12. Be3 Nbd7 13. O-O Bb7 14. Ba4 Ke7 15.
Nd2 Nd5 16. Bxd7 Nxe3 17. fxe3 Kxd7 18. Rxf7+ Be7 19. Nc4 Raf8 20. Ne5+ Ke8 21.
Rxf8+ Rxf8 22. Nf2 Rf5 23. Nfd3 Bd5 24. Re1 Be4 25. Nc4 h5 26. b3 h4 27. h3 Rg5
28. Re2 Rd5 29. Rd2 Bg5 30. Kf2 Be7 31. Ne1 Rxd2+ 32. Nxd2 Bd5 33. Nd3 Kf7 34.
e4 Bc6 35. Ne5+ Kf6 36. Nxc6 Bc5+ 37. Kf3 e5 38. Nc4 1-0

[Event "FIDE World Blitz 2014"]
[Site "Dubai UAE"]
[Date "2014.06.19"]
[Round "1.41"]
[White "Amin, Bassem"]
[Black "Debashis, Das"]
[Result "0-1"]
[WhiteTitle "GM"]
[BlackTitle "GM"]
[WhiteElo "2635"]
[BlackElo "2484"]
[WhiteFideId "10601457"]
[BlackFideId "5024854"]
[EventDate "2014.06.19"]

1. Nf3 d5 2. g3 Nf6 3. Bg2 e6 4. O-O Be7 5. d3 O-O 6. Nbd2 c5 7. e4 Nc6 8. Re1
b5 9. e5 Nd7 10. Nf1 b4 11. h4 a5 12. N1h2 Ba6 13. Bf4 Rc8 14. Rc1 Nd4 15. Nxd4
cxd4 16. Qg4 Re8 17. Bg5 Bxg5 18. hxg5 Rc5 19. Nf3 Qc7 20. Nxd4 Nxe5 21. Qf4 Ng6
22. Qxc7 Rxc7 23. f4 Rec8 24. Re3 Ne7 25. Bh3 Nc6 26. Nxe6 fxe6 27. Bxe6+ Kf8
28. Bxc8 Bxc8 29. c3 bxc3 30. bxc3 Nb4 31. a3 Na2 32. Rc2 d4 33. Re4 dxc3 34.
Rc4 Rxc4 35. dxc4 Nb4 36. Rxc3 Nc6 37. Kf2 Ke7 38. Rd3 Ba6 39. Rc3 Kd6 40. Ke3
Kc5 41. f5 Ne5 42. Kf4 Kd4 43. Rc2 Nd3+ 44. Kg4 Bxc4 45. f6 gxf6 46. gxf6 Ne5+
47. Kg5 a4 48. Kh6 Bb3 49. Rc8 Ng4+ 50. Kg7 Ne5 51. Kxh7 Ke4 52. Kg7 Kf3 53.
Rc3+ Kg4 54. Re3 Nf3 55. f7 Bxf7 56. Kxf7 Kxg3 57. Kf6 Kf4 58. Rc3 Ke4 59. Rc4+
Kd5 60. Rxa4 Nd2 61. Rb4 Kc5 62. Ke6 Nc4 63. Rb3 Na5 64. Rc3+ Kb5 65. Kd5 Ka4
66. Kc5 Nb3+ 67. Kc4 Nd2+ 68. Kd3 Nb1 69. Rc4+ 0-1

[Event "FIDE World Blitz 2014"]
[Site "Dubai UAE"]
[Date "2014.06.19"]
[Round "1.42"]
[White "Tissir, Mohamed"]
[Black "Mchedlishvili, Mikheil"]
[Result "0-1"]
[WhiteTitle "IM"]
[BlackTitle "GM"]
[WhiteElo "2380"]
[BlackElo "2632"]
[WhiteFideId "9000240"]
[BlackFideId "13600966"]
[EventDate "2014.06.19"]

1. e4 c5 2. Nc3 e6 3. Nf3 a6 4. d4 cxd4 5. Nxd4 d6 6. Be3 b5 7. f3 Bb7 8. Qd2
Nd7 9. O-O-O Rc8 10. Kb1 Ngf6 11. g4 Nb6 12. g5 Nfd7 13. Bd3 Ne5 14. f4 Nec4 15.
Bxc4 Nxc4 16. Qd3 Be7 17. h4 b4 18. Nce2 Qc7 19. Bc1 g6 20. h5 Rf8 21. hxg6 hxg6
22. Rh7 e5 23. Nb3 a5 24. f5 a4 25. Nd2 Ba6 26. Nxc4 Bxc4 27. Qd2 b3 28. Nc3
bxc2+ 29. Qxc2 gxf5 30. exf5 a3 31. f6 Bd8 32. Ka1 axb2+ 33. Bxb2 Qc6 34. Ne4
Bc7 35. Rxd6 Bxd6 36. g6 Kd7 37. g7 Rg8 0-1

[Event "FIDE World Blitz 2014"]
[Site "Dubai UAE"]
[Date "2014.06.19"]
[Round "1.43"]
[White "Meier, Georg"]
[Black "Sriram, Jha"]
[Result "1-0"]
[WhiteTitle "GM"]
[BlackTitle "GM"]
[WhiteElo "2632"]
[BlackElo "2375"]
[WhiteFideId "4675789"]
[BlackFideId "5001668"]
[EventDate "2014.06.19"]

1. Nf3 Nf6 2. g3 g6 3. Bg2 Bg7 4. O-O O-O 5. d4 d6 6. b3 c6 7. Bb2 Nbd7 8. Nbd2
a5 9. a4 Re8 10. e4 Qc7 11. Re1 b6 12. e5 dxe5 13. dxe5 Nd5 14. Nc4 Nf8 15. Nd4
Bb7 16. Qe2 Rad8 17. Rad1 Nb4 18. h4 h5 19. Rd2 Bh6 20. f4 Na6 21. e6 f6 22.
Red1 Nc5 23. Ba3 Na6 24. Qe3 Nb4 25. Qe2 Na6 26. Kh2 Nb4 27. Kh1 Nd5 28. Qf2 Nc3
29. Re1 c5 30. Nb5 Nxb5 31. axb5 Rxd2 32. Qxd2 Rd8 33. Qe2 Bxg2+ 34. Kxg2 Bg7
35. Bb2 Kh7 36. f5 Bh6 37. Qe4 g5 38. Bc1 g4 39. Bxh6 Kxh6 40. Kf2 Qb8 41. Qc6
Rd4 42. Qxb6 Qa8 43. Qc6 Qb8 44. b6 Qd8 45. b7 a4 46. Re2 a3 47. Nxa3 Rd1 48.
Qe4 Qb6 49. Nc4 Qa7 50. Qf4+ Kg7 51. b8=Q 1-0

[Event "FIDE World Blitz 2014"]
[Site "Dubai UAE"]
[Date "2014.06.19"]
[Round "1.44"]
[White "Nezad, Husein Aziz"]
[Black "Safarli, Eltaj"]
[Result "0-1"]
[WhiteTitle "IM"]
[BlackTitle "GM"]
[WhiteElo "2365"]
[BlackElo "2649"]
[WhiteFideId "12100293"]
[BlackFideId "13402129"]
[EventDate "2014.06.19"]

1. e4 c5 2. Nf3 e6 3. c3 d5 4. exd5 exd5 5. d4 Nf6 6. Bb5+ Bd7 7. Bxd7+ Nbxd7 8.
O-O Be7 9. dxc5 Nxc5 10. Nd4 O-O 11. Nf5 Nce4 12. Nxe7+ Qxe7 13. Be3 Qc7 14. Nd2
a6 15. Bd4 Rad8 16. f3 Nxd2 17. Qxd2 Qc6 18. Rfe1 Rfe8 19. Qg5 h6 20. Qf5 Rxe1+
21. Rxe1 Re8 22. Re5 Rxe5 23. Qxe5 Ne8 24. h3 Qd7 25. Kh2 f6 26. Qe2 Nd6 27. Kg1
Kf7 28. Qd3 Qa4 29. Bc5 Qc4 30. Qxc4 Nxc4 31. b3 Ne5 32. Bd4 Nd3 33. Be3 Ke6 34.
Kf1 Ne5 35. Ke2 h5 36. Bd4 Ng6 37. g4 Nf4+ 38. Ke3 g5 39. gxh5 Nxh5 40. Kf2 Nf4
41. Kg3 Kf5 42. Be3 Ne2+ 43. Kf2 Nxc3 44. a3 Nd1+ 45. Ke2 Nxe3 46. Kxe3 Ke5 47.
Kd3 Kf4 0-1

[Event "FIDE World Blitz 2014"]
[Site "Dubai UAE"]
[Date "2014.06.19"]
[Round "1.45"]
[White "Guseinov, Gadir"]
[Black "Hilwani, Talal"]
[Result "1-0"]
[WhiteTitle "GM"]
[WhiteElo "2613"]
[BlackElo "2274"]
[WhiteFideId "13401378"]
[BlackFideId "7600410"]
[EventDate "2014.06.19"]

1. e4 c5 2. Nf3 d6 3. d4 cxd4 4. Nxd4 a6 5. Nc3 Nd7 6. g3 Ngf6 7. Bg2 g6 8. O-O
Bg7 9. a4 O-O 10. a5 Ne5 11. Qe2 Qc7 12. Bg5 Qc5 13. Be3 Qc4 14. Qd1 Bd7 15. h3
Rfe8 16. Kh1 Qc7 17. Bg5 e6 18. Nb3 h6 19. Bf4 Red8 20. Nd2 Rac8 21. Be3 Qb8 22.
Bb6 Re8 23. Qe2 Bc6 24. f4 Ned7 25. Bg1 Nh5 26. Bh2 Nc5 27. Rae1 Qc7 28. g4 Nf6
29. g5 hxg5 30. fxg5 Nfd7 31. h4 Ne5 32. h5 Qxa5 33. Rf4 Bb5 34. Qf2 Rc7 35. Qh4
Qb4 36. Rb1 Qd4 37. Nf1 Bc6 38. Ng3 Nc4 39. h6 Bf8 40. Nge2 Qe5 41. h7+ Kh8 42.
Rbf1 Qg7 43. Qf2 Ne5 44. Nd4 Bd7 45. Rf6 Be7 46. Bxe5 Bxf6 47. Bxf6 Kxh7 48.
Qh4+ Kg8 49. Bxg7 Kxg7 50. Qh6+ Kg8 51. Rf3 e5 52. Nd5 1-0

[Event "FIDE World Blitz 2014"]
[Site "Dubai UAE"]
[Date "2014.06.19"]
[Round "1.46"]
[White "Othman, A. Moussa"]
[Black "Inarkiev, Ernesto"]
[Result "0-1"]
[WhiteTitle "FM"]
[BlackTitle "GM"]
[WhiteElo "2275"]
[BlackElo "2682"]
[WhiteFideId "9300155"]
[BlackFideId "4162722"]
[EventDate "2014.06.19"]

1. d4 Nf6 2. c4 g6 3. Nc3 d5 4. Nf3 Bg7 5. e3 O-O 6. cxd5 Nxd5 7. Be2 c5 8. Nxd5
Qxd5 9. dxc5 Qxc5 10. O-O Nc6 11. e4 Bg4 12. Be3 Qb4 13. Qc2 Rac8 14. a3 Qxb2
15. Qxb2 Bxb2 16. Rab1 Bxa3 17. Rxb7 a5 18. h3 Bxf3 19. Bxf3 Rb8 20. Rfb1 Bb4
21. Rc7 Rfc8 22. Rxc8+ Rxc8 23. Bd1 Ne5 24. Ba4 Nd3 25. Bd7 0-1

[Event "FIDE World Blitz 2014"]
[Site "Dubai UAE"]
[Date "2014.06.19"]
[Round "1.47"]
[White "Kasimdzhanov, Rustam"]
[Black "Byambaa, Zulzaga"]
[Result "1-0"]
[WhiteTitle "GM"]
[BlackTitle "FM"]
[WhiteElo "2700"]
[BlackElo "2286"]
[WhiteFideId "14200244"]
[BlackFideId "4900642"]
[EventDate "2014.06.19"]

1. Nf3 Nf6 2. c4 g6 3. g3 Bg7 4. Bg2 O-O 5. O-O c5 6. d4 d6 7. Nc3 Nc6 8. d5 Na5
9. Nd2 a6 10. Qc2 Rb8 11. a4 Bd7 12. Ra3 b5 13. axb5 axb5 14. cxb5 Bxb5 15. Nxb5
Rxb5 16. h3 Qb6 17. e4 Rb8 18. Kh2 Nd7 19. Qa4 Ne5 20. f4 Nd7 21. Rd1 Ra8 22.
Nc4 Nxc4 23. Qxa8+ Nf8 24. Ra6 Qb7 25. Qxb7 Rxb7 26. e5 Rb8 27. Ra7 dxe5 28.
Rxe7 exf4 29. Bxf4 Rxb2 30. d6 Nb6 31. Re8 1-0

[Event "FIDE World Blitz 2014"]
[Site "Dubai UAE"]
[Date "2014.06.19"]
[Round "1.48"]
[White "Taleb, Moussa"]
[Black "Nielsen, Peter Heine"]
[Result "1-0"]
[WhiteTitle "GM"]
[BlackTitle "GM"]
[WhiteElo "2406"]
[BlackElo "2654"]
[WhiteFideId "9300201"]
[BlackFideId "1400355"]
[EventDate "2014.06.19"]

1. Nf3 c5 2. c4 Nc6 3. Nc3 g6 4. g3 Bg7 5. Bg2 d6 6. O-O Bf5 7. d3 Qd7 8. e3 Nf6
9. d4 O-O 10. b3 Ne4 11. Bb2 Nxc3 12. Bxc3 Be4 13. Qd2 cxd4 14. exd4 d5 15. Ne5
Bxe5 16. dxe5 Bxg2 17. Kxg2 d4 18. Bb2 Rfd8 19. Rae1 Qf5 20. f4 h5 21. Rd1 a5
22. a3 h4 23. Qd3 e6 24. Qxf5 gxf5 25. gxh4 Kh7 26. Kf3 Ra6 27. Rd3 Rb6 28. Rg1
Kh6 29. Ke2 Ra6 30. Rgd1 Rb6 31. Rg1 Ra6 32. Kd2 Raa8 33. Kc2 Rac8 34. Kd2 b6
35. Rdg3 Ne7 36. Rg7 Rg8 37. Rxg8 Nxg8 38. Bxd4 Rc6 39. Kc3 Ne7 40. b4 axb4+ 41.
axb4 b5 42. Bc5 Ng6 43. cxb5 Rc8 44. Rf1 Ne7 45. Kc4 Nd5 46. Kb3 Rb8 47. b6 Kh5
48. Kc4 Rc8 49. Kb5 Rb8 50. Ka6 1-0

[Event "FIDE World Blitz 2014"]
[Site "Dubai UAE"]
[Date "2014.06.19"]
[Round "2.2"]
[White "Karjakin, Sergey"]
[Black "Meier, Georg"]
[Result "0-1"]
[WhiteTitle "GM"]
[BlackTitle "GM"]
[WhiteElo "2771"]
[BlackElo "2632"]
[WhiteFideId "14109603"]
[BlackFideId "4675789"]
[EventDate "2014.06.19"]

1. Nf3 d5 2. g3 c6 3. Bg2 Bg4 4. h3 Bh5 5. d3 e6 6. Nbd2 Bd6 7. b3 Ne7 8. Bb2
O-O 9. O-O Nd7 10. e4 c5 11. Re1 Rc8 12. Qc1 b5 13. Nh4 f6 14. exd5 exd5 15. c4
Ne5 16. Qc2 bxc4 17. bxc4 Bf7 18. Rab1 Qd7 19. Nhf3 N5c6 20. Ba3 Rfd8 21. Kh2
Nb4 22. Qb3 a5 23. cxd5 a4 24. Qd1 Nexd5 25. Ne4 Nxa2 26. Ra1 Nac3 27. Qc1 Nxe4
28. dxe4 Nb4 29. Qc3 Qe6 30. e5 Bxe5 31. Nxe5 fxe5 32. Rxe5 Qf6 33. Rae1 Nd3 34.
f4 Nxe1 35. Qxe1 Re8 36. Bb2 Rxe5 37. Bxe5 Qe7 38. Qa5 c4 39. Bc3 a3 40. Qa6 0-1

[Event "FIDE World Blitz 2014"]
[Site "Dubai UAE"]
[Date "2014.06.19"]
[Round "2.7"]
[White "Inarkiev, Ernesto"]
[Black "Nepomniachtchi, Ian"]
[Result "0-1"]
[WhiteTitle "GM"]
[BlackTitle "GM"]
[WhiteElo "2682"]
[BlackElo "2730"]
[WhiteFideId "4162722"]
[BlackFideId "4168119"]
[EventDate "2014.06.19"]

1. d4 f5 2. g3 Nf6 3. Bg2 g6 4. Nf3 Bg7 5. b3 O-O 6. Bb2 d6 7. O-O a5 8. c4 c6
9. Re1 Qc7 10. Nbd2 Na6 11. a3 Ne4 12. Qc2 Nxd2 13. Qxd2 e5 14. e4 f4 15. b4 Bg4
16. Rf1 Rad8 17. h3 Bxf3 18. Bxf3 axb4 19. axb4 Qb6 20. Rab1 fxg3 21. fxg3 exd4
22. Ba1 Be5 23. Kg2 Nc7 24. Bg4 Qa6 25. Be2 Qa3 26. Bd3 Ne6 27. Bb2 Qa8 28. Ra1
Qc8 29. Be2 Rxf1 30. Rxf1 Rf8 31. Rxf8+ Qxf8 32. Bg4 Qf6 33. h4 h5 34. Bh3 Kh7
35. Bc1 Kg8 36. Bb2 c5 37. b5 b6 38. Bc1 Nf8 39. Qd3 Nh7 40. Bd7 Qf8 41. Be6+
Kg7 42. Qd2 Kh8 43. Qd3 Nf6 44. Qf3 Qa8 45. Bd5 Qa2+ 46. Kh3 Kg7 47. Bg5 Qb1 48.
Kg2 0-1

[Event "FIDE World Blitz 2014"]
[Site "Dubai UAE"]
[Date "2014.06.19"]
[Round "2.8"]
[White "Laznicka, Viktor"]
[Black "Korobov, Anton"]
[Result "1-0"]
[WhiteTitle "GM"]
[BlackTitle "GM"]
[WhiteElo "2679"]
[BlackElo "2680"]
[WhiteFideId "316385"]
[BlackFideId "14105730"]
[EventDate "2014.06.19"]

1. d4 Nf6 2. c4 e6 3. Nc3 Bb4 4. e3 c5 5. Bd3 Bxc3+ 6. bxc3 d6 7. Ne2 Nc6 8. e4
e5 9. O-O O-O 10. f3 b6 11. Be3 h6 12. Qd2 Re8 13. Rad1 Ba6 14. a4 Na5 15. Qa2
Rc8 16. d5 Nh5 17. g4 Nf6 18. Ng3 Nh7 19. Nf5 Nf8 20. h4 Ng6 21. g5 h5 22. Rf2
Rc7 23. Rh2 Nf4 24. Bxf4 exf4 25. Qd2 g6 26. Nh6+ Kg7 27. Qxf4 Bxc4 28. Bb1 Bb3
29. Rf1 Nc4 30. Rg2 Qe7 31. Kh1 Bxa4 32. Nf5+ gxf5 33. exf5 Qe5 34. Qxc4 Bd7 35.
f6+ Kf8 36. Qd3 Bf5 37. Qxf5 Qxf5 38. Bxf5 b5 39. g6 fxg6 40. Be6 1-0

[Event "FIDE World Blitz 2014"]
[Site "Dubai UAE"]
[Date "2014.06.19"]
[Round "2.10"]
[White "Bacrot, Etienne"]
[Black "Cheparinov, Ivan"]
[Result "1-0"]
[WhiteTitle "GM"]
[BlackTitle "GM"]
[WhiteElo "2720"]
[BlackElo "2682"]
[WhiteFideId "605506"]
[BlackFideId "2905540"]
[EventDate "2014.06.19"]

1. Nf3 Nf6 2. c4 g6 3. g3 Bg7 4. Bg2 O-O 5. O-O d5 6. cxd5 Nxd5 7. d4 Nb6 8. Nc3
Nc6 9. e3 Re8 10. h3 a5 11. d5 Ne5 12. Nxe5 Bxe5 13. e4 e6 14. Bh6 exd5 15. exd5
Bd7 16. Re1 a4 17. Rc1 Ra5 18. Qd3 Bf5 19. Qd2 Nc4 20. Qe2 Nd6 21. Qd2 Ra8 22.
Bg5 Qd7 23. Rxe5 Rxe5 24. Bf6 Re7 25. Qg5 Re4 26. g4 Rc4 27. gxf5 Qxf5 28. Qxf5
Nxf5 29. Re1 h6 30. Ne4 Re8 31. b3 axb3 32. axb3 Rc2 33. Ba1 Kf8 34. Rd1 Nd6 35.
Nxd6 cxd6 36. Bf1 Ra8 37. Bd4 Ra3 38. Bc4 b5 39. Bxb5 Ra5 40. Bc6 Raa2 41. b4
Rd2 42. Rxd2 Rxd2 43. Be3 Rb2 44. Bxh6+ Ke7 45. b5 f5 46. Be3 Kf6 47. b6 Rb1+
48. Kg2 f4 49. Bd4+ Kf5 50. b7 Ke4 51. Ba7 f3+ 52. Kh2 1-0

[Event "FIDE World Blitz 2014"]
[Site "Dubai UAE"]
[Date "2014.06.19"]
[Round "2.14"]
[White "Kryvoruchko, Yuriy"]
[Black "Iturrizaga Bonelli, Eduardo"]
[Result "0-1"]
[WhiteTitle "GM"]
[BlackTitle "GM"]
[WhiteElo "2707"]
[BlackElo "2653"]
[WhiteFideId "14109182"]
[BlackFideId "3901211"]
[EventDate "2014.06.19"]

1. e4 c5 2. Nf3 g6 3. d4 cxd4 4. Nxd4 Nc6 5. c4 Nf6 6. Nc3 d6 7. Be2 Nxd4 8.
Qxd4 Bg7 9. O-O O-O 10. Qd3 Bd7 11. Be3 Bc6 12. f3 a5 13. b3 Nd7 14. Rab1 Nc5
15. Qd2 Be5 16. Bd4 Bxd4+ 17. Qxd4 Qb6 18. Kh1 Qb4 19. Rfd1 Rfc8 20. e5 dxe5 21.
Qxe5 Rd8 22. Nd5 Bxd5 23. cxd5 Nd7 24. Qe3 Rac8 25. Bc4 Nb6 26. h3 Qc5 27. Qe4
Rc7 28. Rd4 Nc8 29. Rbd1 Nd6 30. Qe5 b5 31. Bf1 Nf5 32. R4d3 Rcd7 33. g4 Nd6 34.
h4 b4 35. h5 Qf2 36. Bg2 Ne8 37. R3d2 Qh4+ 38. Kg1 Qf6 39. Qe3 Nc7 40. f4 gxh5
41. gxh5 Nb5 42. Bh3 Rd6 43. Rg2+ Kh8 44. Qe5 Nc3 45. Re1 Nxd5 46. Bf5 Qxe5 47.
fxe5 Rh6 48. e6 fxe6 49. Bxe6 Nf4 50. Rd1 Rxd1+ 0-1

[Event "FIDE World Blitz 2014"]
[Site "Dubai UAE"]
[Date "2014.06.19"]
[Round "2.15"]
[White "Efimenko, Zahar"]
[Black "Moiseenko, Alexander"]
[Result "1-0"]
[WhiteTitle "GM"]
[BlackTitle "GM"]
[WhiteElo "2648"]
[BlackElo "2707"]
[WhiteFideId "14107201"]
[BlackFideId "14102560"]
[EventDate "2014.06.19"]

1. Nf3 Nf6 2. g3 b5 3. Bg2 Bb7 4. Na3 a6 5. c4 b4 6. Nc2 c5 7. O-O e6 8. d4 cxd4
9. Ncxd4 Be7 10. b3 O-O 11. Bb2 d6 12. Qd2 Qb6 13. a3 bxa3 14. Bxa3 Nbd7 15. Qb4
Qc7 16. Rfd1 Rab8 17. Qc3 Rfe8 18. Rab1 Bf8 19. Rbc1 Rbc8 20. Qa1 Ne4 21. Bb4
Ndf6 22. h3 Qb8 23. Ba3 h6 24. e3 d5 25. Bxf8 Rxf8 26. cxd5 Bxd5 27. Qxa6 Rxc1
28. Rxc1 Nxf2 29. Kxf2 Ne4+ 30. Kg1 Qxg3 31. Qe2 Rb8 32. Qe1 Qg6 33. Kh2 Ra8 34.
Ra1 Rxa1 35. Qxa1 Qg3+ 36. Kg1 Nf2 37. Qe1 Nxh3+ 38. Kf1 Qg4 39. Qh4 Qxh4 40.
Nxh4 Ng5 41. Bxd5 exd5 42. b4 Ne4 43. b5 Kf8 44. b6 Nc5 45. Nhf5 g6 46. Nxh6 f5
47. Ne6+ Nxe6 48. b7 Kg7 49. Nxf5+ gxf5 50. b8=Q Kf6 51. Qd6 f4 52. exf4 d4 53.
Qe5+ Kf7 54. f5 Ng5 55. Qxd4 Nh7 56. Qe5 Ng5 57. Ke2 Nh7 58. Ke3 Nf6 59. Kd4 Ng4
60. Qe6+ Kg7 61. Qg6+ 1-0

[Event "FIDE World Blitz 2014"]
[Site "Dubai UAE"]
[Date "2014.06.19"]
[Round "2.16"]
[White "Gundavaa, Bayarsaikhan"]
[Black "Fressinet, Laurent"]
[Result "0-1"]
[WhiteTitle "GM"]
[BlackTitle "GM"]
[WhiteElo "2501"]
[BlackElo "2717"]
[WhiteFideId "4901045"]
[BlackFideId "608742"]
[EventDate "2014.06.19"]

1. d4 d5 2. c4 c6 3. cxd5 cxd5 4. Bf4 Nc6 5. e3 Nf6 6. Nc3 Bf5 7. Qb3 Na5 8.
Qa4+ Bd7 9. Qc2 e6 10. Bd3 Nc6 11. a3 Nh5 12. Bg3 Be7 13. Nf3 f5 14. Be5 O-O 15.
O-O Nf6 16. b4 Rc8 17. Qb3 Ne4 18. Rac1 Nxe5 19. dxe5 a5 20. Bxe4 fxe4 21. Nd4
axb4 22. axb4 Kh8 23. Nce2 Qb6 24. b5 Rc5 25. Rxc5 Bxc5 26. Ra1 Qc7 27. Qc3 b6
28. Nc6 Bxc6 29. bxc6 Qxc6 30. Nd4 Qd7 31. h3 h6 32. Ra6 Qf7 33. Qd2 Re8 34. Qa2
Kh7 35. Ra7 Qh5 36. Qa4 Bxd4 37. Qxd4 b5 38. Rb7 Rc8 39. Rxb5 Qe2 40. Rb2 Rc1+
41. Kh2 Qh5 42. Rb6 Qf5 43. Rb2 Rc4 44. Qb6 Qxe5+ 45. g3 Rc1 46. Rd2 Qf5 47. Qb2
Re1 48. Re2 Rd1 49. Qc2 Rd3 50. Re1 Qf3 51. Qe2 Kg6 52. Qc2 Qf6 53. Kg2 Rc3 54.
Qe2 Rb3 55. Rc1 Rb2 56. Qg4+ Kh7 57. Rf1 e5 58. h4 Rc2 59. Qd7 d4 60. Qd5 Qf3+
61. Kg1 dxe3 0-1

[Event "FIDE World Blitz 2014"]
[Site "Dubai UAE"]
[Date "2014.06.19"]
[Round "2.18"]
[White "Ragger, Markus"]
[Black "Caruana, Fabiano"]
[Result "1-0"]
[WhiteTitle "GM"]
[BlackTitle "GM"]
[WhiteElo "2632"]
[BlackElo "2791"]
[WhiteFideId "1610856"]
[BlackFideId "2020009"]
[EventDate "2014.06.19"]

1. d4 d6 2. Nf3 Nf6 3. c4 g6 4. Nc3 Bf5 5. d5 e5 6. dxe6 Bxe6 7. Nd4 Bd7 8. e4
Bg7 9. Be2 O-O 10. O-O Nc6 11. Be3 Re8 12. f3 Nh5 13. Qd2 Nf4 14. Rfd1 Nxd4 15.
Bxd4 Qg5 16. Bf1 Bxd4+ 17. Qxd4 Bc6 18. b4 Qe5 19. b5 Qxd4+ 20. Rxd4 Ne6 21. Rd2
Bd7 22. c5 Nxc5 23. Nd5 Re5 24. Nxc7 Rc8 25. Nd5 Kg7 26. Ne3 Be6 27. Rxd6 Na4
28. Rd4 Nc3 29. a4 Rec5 30. h4 h6 31. Re1 g5 32. hxg5 hxg5 33. Rb4 Kf6 34. a5
Ke5 35. b6 a6 36. Ra1 Na2 37. Rb2 Nc3 38. Kf2 Rd8 39. Rc2 g4 40. Kg3 gxf3 41.
gxf3 Rdc8 42. Rac1 Kd4 43. Kf4 Ne2+ 1-0

[Event "FIDE World Blitz 2014"]
[Site "Dubai UAE"]
[Date "2014.06.19"]
[Round "2.19"]
[White "Sargissian, Gabriel"]
[Black "Anton Guijarro, David"]
[Result "1/2-1/2"]
[WhiteTitle "GM"]
[BlackTitle "GM"]
[WhiteElo "2686"]
[BlackElo "2631"]
[WhiteFideId "13300881"]
[BlackFideId "2285525"]
[EventDate "2014.06.19"]

1. d4 Nf6 2. Nf3 g6 3. c4 Bg7 4. g3 b6 5. Bg2 Bb7 6. O-O O-O 7. d5 Ne4 8. Qc2 f5
9. Nbd2 Nd6 10. e4 Na6 11. exf5 Nxf5 12. Ne4 c6 13. dxc6 Bxc6 14. Qe2 Nc5 15.
Nc3 Ne6 16. Be3 Rc8 17. Nd5 b5 18. Nf4 Nxf4 19. Bxf4 bxc4 20. Qxc4+ e6 21. Qa6
Qb6 22. Qxb6 axb6 23. Ne5 Bxg2 24. Kxg2 d6 25. Nd7 Rfd8 26. Nxb6 Rc2 27. Rad1 d5
28. a4 Rxb2 29. a5 Bc3 30. Nc4 Ra2 31. Be5 Rc8 32. Nb6 Bxe5 33. Nxc8 Ne3+ 34.
Kh3 Nxf1 35. Rxf1 Kf7 36. Na7 Bc7 37. Nc6 Bxa5 38. Nxa5 Rxa5 39. Kg2 Kf6 40. Rb1
g5 41. Rb7 h5 42. Rb8 Ra4 43. Rh8 h4 44. gxh4 Rxh4 45. Rf8+ Ke5 46. Rg8 Rg4+ 47.
Kf3 Rf4+ 48. Ke2 Rf5 49. f3 Kf4 50. h4 Re5+ 51. Kf2 d4 52. hxg5 Rxg5 53. Rd8 e5
54. Rf8+ Rf5 55. Rg8 Rf7 56. Ke2 Kf5 57. Kd3 Ke6 58. Re8+ Kd6 59. Ke2 Ra7 60.
Rd8+ Ke7 61. Rd5 Ke6 62. Rd8 Ra2+ 63. Ke1 Kf5 64. Rf8+ Kg5 65. Rf7 Rh2 66. Rf8
Rh6 67. Ke2 Rf6 68. Rg8+ Kf4 69. Rg4+ Kf5 70. Rg8 Ra6 71. Rf8+ Ke6 72. Rd8 Ra2+
73. Ke1 Ra6 74. f4 Kf5 75. fxe5 Ke4 76. e6 Ke3 77. Kd1 d3 78. Rc8 Rxe6 79. Rh8
Ra6 80. Rh3+ Kd4 81. Rh8 Kc3 82. Rc8+ 1/2-1/2

[Event "FIDE World Blitz 2014"]
[Site "Dubai UAE"]
[Date "2014.06.19"]
[Round "2.20"]
[White "Savchenko, Boris"]
[Black "Yudin, Sergei"]
[Result "1-0"]
[WhiteTitle "GM"]
[BlackTitle "GM"]
[WhiteElo "2581"]
[BlackElo "2546"]
[WhiteFideId "4147332"]
[BlackFideId "4159659"]
[EventDate "2014.06.19"]

1. e4 d6 2. Nf3 Nf6 3. Nc3 e5 4. d4 Nbd7 5. Bc4 Be7 6. a4 O-O 7. O-O a5 8. Re1
c6 9. Ba2 exd4 10. Nxd4 Nc5 11. f3 Be6 12. Nxe6 fxe6 13. e5 dxe5 14. Rxe5 Nd5
15. Re1 Nb4 16. Qe2 Nxa2 17. Rxa2 Bf6 18. Ne4 Bd4+ 19. Kf1 Qh4 20. Nxc5 Bxc5 21.
h3 Kh8 22. Ra1 Rae8 23. Be3 Bd6 24. Rad1 Bg3 25. Rd4 Qf6 26. Red1 e5 27. Re4 h6
28. Bb6 Ra8 29. Rd3 Qg6 30. Bc7 Bf4 31. Bxe5 Bxe5 32. Rxe5 Qg3 33. Re7 Rf6 34.
Re8+ Rxe8 35. Qxe8+ Kh7 36. Qe4+ Rg6 37. f4 Qh4 38. Rd6 Qh5 39. Rxg6 Qxg6 40.
Qxg6+ Kxg6 41. Kf2 Kf5 42. Kf3 b5 43. g4+ Ke6 44. axb5 cxb5 45. Ke4 a4 46. Kd4
Kd6 47. c3 Kc6 48. h4 Kd6 49. f5 1-0

[Event "FIDE World Blitz 2014"]
[Site "Dubai UAE"]
[Date "2014.06.19"]
[Round "2.21"]
[White "Onischuk, Vladimir"]
[Black "Vitiugov, Nikita"]
[Result "1-0"]
[WhiteTitle "GM"]
[BlackTitle "GM"]
[WhiteElo "2594"]
[BlackElo "2742"]
[WhiteFideId "14114038"]
[BlackFideId "4152956"]
[EventDate "2014.06.19"]

1. e4 c5 2. Nf3 e6 3. b3 a6 4. Bb2 Nc6 5. c4 Qc7 6. Nc3 Nf6 7. g3 Be7 8. Bg2 Nd4
9. O-O d6 10. Nxd4 cxd4 11. Ne2 e5 12. Nc1 O-O 13. Nd3 b5 14. cxb5 axb5 15. f4
Bg4 16. Qb1 Be2 17. Re1 Bxd3 18. Qxd3 Qb6 19. b4 Rfc8 20. a3 h6 21. Bf1 Rab8 22.
Rac1 Re8 23. Rc2 Bf8 24. fxe5 dxe5 25. Rec1 Qb7 26. Rc6 Qd7 27. Qf3 Re6 28. Rc7
Qd8 29. Bh3 Reb6 30. Qb3 Qe8 31. d3 R6b7 32. Rxb7 Rxb7 33. Rc8 Qe7 34. Qc2 Rb6
35. Bc1 Nh7 36. Qc5 Qf6 37. Bf5 g6 38. Bxh6 Qd6 39. Bd7 Ra6 40. Bxb5 Qxc5 41.
bxc5 Rxa3 42. c6 Rc3 43. Bc4 1-0